000 00970nam a2200313Ia 4500
003 OSt
005 20221007120845.0
006 a|||||r|||| 00| 0
007 ta
008 221006b |||||||| |||| 00| 0 eng d
020 _a0321270452 (pbk)
_cRs.2277.72
024 _a16671
037 _b442/2005-06, 22/12/2005, Jagmandar Book Agency
_cTextual
040 _aBDL
_cBDL
_beng
041 _2eng
_aeng
082 _aG, P5 Carb
100 _aCampbell Neil A
_9395839
245 0 _aBiology
_b Reece Jane B
250 _a7
260 _aSan
_bFrancisco Pearson Education,Inc.
_c2005
300 _axL,1231p. Includes CD-Rom
_ccm.
500 _aAppendix A-D.; Glossary; Index
650 _a Cell biology
650 _a Ecology
650 _aBiology
700 _a Reece Jane B
_9395534
942 _hG, P5 Carb
_cTEXL
_2CC
999 _c1208114
_d1208114